[Event "RUS-ch U18 Girls"]
[Site "Dagomys"]
[Date "2009.04.20"]
[Round "6"]
[White "Khokhlova, Ekaterina"]
[Black "Veretennikova, Daria"]
[Result "1/2-1/2"]
[WhiteElo "1866"]
[BlackElo "2015"]
[PlyCount "87"]
[EventDate "2009.04.15"]
[EventType "swiss"]
[EventRounds "9"]
[EventCountry "RUS"]
[SourceTitle "CBM 130 Extra"]
[Source "ChessBase"]
[SourceDate "2009.07.02"]
[SourceVersion "2"]
[SourceVersionDate "2009.07.15"]
[SourceQuality "1"]

1. e4 d6 2. d4 Nf6 3. Nc3 e5 4. Nf3 Nbd7 5. h3 Be7 6. Be3 c6 7. Qd2 0-0 8. g4 b5 9. g5 b4 10. gxf6 bxc3 11. Qxc3 Nxf6 12. dxe5 Nxe4 13. Qxc6 Qa5+ 14. c3 Bf5 15. exd6 Nxd6 16. Qc5 Qa4 17. Qd5 Qc2 18. Rg1 Bg6 19. Qd2 Qa4 20. Ne5 Rad8 21. Nxg6 hxg6 22. Qd1 Qa5 23. Qc2 Nf5 24. Rg4 Rfe8 25. Re4 Bh4 26. Rxe8+ Rxe8 27. 0-0-0 Rxe3 28. fxe3 Nxe3 29. Qb3 Nxd1 30. Kxd1 Qe5 31. Qc4 Qe1+ 32. Kc2 Bg5 33. Qe2 Qc1+ 34. Kb3 Bf6 35. Qe8+ Kh7 36. Bc4 Qd1+ 37. Ka3 Qd6+ 38. Kb3 Qd1+ 39. Ka3 Qd6+ 40. Ka4 Qb6 41. Qxf7 Qxb2 42. Bd3 Qg2 43. Kb3 Qg3 44. Kc2 1/2-1/2

[Event "EU-ch (Women) 10th"]
[Site "St Petersburg"]
[Date "2009.03.12"]
[Round "5"]
[White "Khokhlova, Ekaterina"]
[Black "Makka, Evanthia"]
[Result "1-0"]
[WhiteElo "1822"]
[BlackElo "2110"]
[PlyCount "117"]
[EventDate "2009.03.08"]
[EventType "swiss"]
[EventRounds "11"]
[EventCountry "RUS"]
[SourceTitle "CBM 129 Extra"]
[Source "ChessBase"]
[SourceDate "2009.05.05"]
[SourceVersion "2"]
[SourceVersionDate "2009.05.20"]
[SourceQuality "1"]

1. e4 d5 2. exd5 Qxd5 3. d4 Nc6 4. Nf3 Bg4 5. Be2 0-0-0 6. Be3 Nf6 7. Nbd2 e6 8. 0-0 h6 9. c3 g5 10. b4 Bg7 11. b5 Nb8 12. Ne5 Bxe2 13. Qxe2 Rdf8 14. a4 Nfd7 15. c4 Qd6 16. Ne4 Qe7 17. Rad1 Qe8 18. Nxd7 Nxd7 19. d5 exd5 20. Ng3 f5 21. Nh5 Be5 22. f4 gxf4 23. Nxf4 d4 24. Bxd4 Bxd4+ 25. Rxd4 Qxe2 26. Nxe2 Rhg8 27. Ng3 Rg5 28. Rdf4 Nc5 29. Nxf5 Rh8 30. a5 Nb3 31. a6 bxa6 32. bxa6 Nc5 33. Ra1 Nd3 34. Rff1 Re8 35. Nxh6 Re2 36. g3 Ne5 37. Rad1 c6 38. Nf7 Nxf7 39. Rxf7 Ra5 40. Rxa7 Raa2 41. Rh7 Rxa6 42. Rf1 Re8 43. Rf6 Kb8 44. Kf2 Ra3 45. Rxc6 Rf8+ 46. Kg2 Ra2+ 47. Kh3 Rff2 48. Kg4 Rxh2 49. Rxh2 Rxh2 50. Kg5 Kb7 51. Rf6 Rc2 52. Rf4 Kc6 53. g4 Kd7 54. Kg6 Rg2 55. Kh6 Rh2+ 56. Kg7 Ke6 57. g5 Rc2 58. Kh8 Ke5 59. Rh4 1-0